Welcome to the Holygrace Academy Library

Please use search bar below to get started

THE FIRST THREE PRESIDENTS OF INDIA (Record no. 6419)

MARC details
000 -LEADER
fixed length control field 00270nam a22001217a 4500
082 ## - DEWEY DECIMAL CLASSIFICATION NUMBER
Classification number 920
Item number SUN/F
100 ## - MAIN ENTRY--AUTHOR NAME
Personal name SUNDARARAJAN, N.
245 ## - TITLE STATEMENT
Title THE FIRST THREE PRESIDENTS OF INDIA
260 ## - PUBLICATION, DISTRIBUTION, ETC. (IMPRINT)
Place of publication INDIA
Name of publisher SURA BOOKS
300 ## - PHYSICAL DESCRIPTION
Number of Pages 92
650 ## - SUBJECT ADDED ENTRY--TOPICAL TERM
Topical Term BIOGRAPHY
Geographic subdivision INDIA
942 ## - ADDED ENTRY ELEMENTS (KOHA)
Koha item type Books
Holdings
Withdrawn status Lost status Collection code Home library Current library Shelving location Date acquired Source of acquisition Full call number Accession Number Koha item type
    Reference Main Library Main Library SHELF-17-L-BIOGRAPHIES & AUTOBIOGRAPHIES 18/11/2006 PURCHASE 920 SUN/F 03832 Books